书目信息 |
| 题名: |
伦理学简史
|
|
| 作者: | 麦金太尔 著 ;龚群 译 | |
| 分册: | ||
| 出版信息: | 北京 商务印书馆 2003.09 |
|
| 页数: | 361页 | |
| 开本: | 20cm | |
| 丛书名: | ||
| 单 册: | ||
| 中图分类: | B82-091 | |
| 科图分类: | ||
| 主题词: | 伦理学--lun li xue--思想史--世界 | |
| 电子资源: | ||
| ISBN: | 7-100-03745-X | |
| 000 | 01011nam0 2200265 450 | |
| 001 | 01CN01751830 | |
| 005 | 20080828145852.18 | |
| 010 | @a7-100-03745-X@dCNY19.00 | |
| 100 | @a20031113e20042003em y0chiy0121 ea | |
| 101 | 1 | @achi@ceng |
| 102 | @aCN@b110000 | |
| 105 | @ay z 001yy | |
| 200 | 1 | @a伦理学简史@Alun li xue jian shi@f(美) 阿拉斯代尔·麦金太尔(Alasdair Macintyre)著@g龚群译 |
| 210 | @a北京@c商务印书馆@d2003.09@h2004.07 | |
| 215 | @a361页@d20cm | |
| 305 | @a据卢德里奇和基根·保罗出版公司1967年版译出 | |
| 330 | @a本书以“伦理与社会,伦理与社会生活、社会历史是内在相关的”为贯穿始终的基本思想,从历史的观点,又从思想家自身的观点与问题出发,以分析哲学的分析力量对伦理学进行论述。 | |
| 510 | 1 | @aA Short History of Ethics@zeng |
| 606 | 0 | @a伦理学@Alun li xue@x思想史@y世界 |
| 690 | @aB82-091@v4 | |
| 701 | 1 | @a麦金太尔@Amai jin tai er,@bA.@g(Maclntyre, Alasdair),@f1929- @4著 |
| 702 | 0 | @a龚群@Agong qun@4译 |
| 801 | 0 | @aCN@bCSLN@c20080828 |
| 905 | @aZUCC@dB82-091@eA110 | |
| 999 | @aCYP | |
| 伦理学简史/(美) 阿拉斯代尔·麦金太尔(Alasdair Macintyre)著/龚群译.-北京:商务印书馆,2003.09(2004.07) |
| 361页;20cm |
| ISBN 7-100-03745-X:CNY19.00 |
| 本书以“伦理与社会,伦理与社会生活、社会历史是内在相关的”为贯穿始终的基本思想,从历史的观点,又从思想家自身的观点与问题出发,以分析哲学的分析力量对伦理学进行论述。 |
| ● |
| 相关链接 |
|
|
|
正题名:伦理学简史
索取号:B82-091/A110
 
预约/预借
| 序号 | 登录号 | 条形码 | 馆藏地/架位号 | 状态 | 备注 |
| 1 | 676749 | 206767499 | 社科库509/509社科库 21排2列5层/ [索取号:B82-091/A110] | 在馆 | |
| 2 | 676750 | 206767505 | 社科库509/509社科库 21排2列5层/ [索取号:B82-091/A110] | 在馆 | |
| 3 | 676751 | 206767514 | 社科库509/509社科库 21排2列5层/ [索取号:B82-091/A110] | 在馆 |